Οικείωσις : η ιδέα ενός αισθητικού ανθρωπισμού με αφετηρία τη φιλοσοφία της ζωής του Ανρί Μπερξόν

Αποθηκεύτηκε σε:
Λεπτομέρειες βιβλιογραφικής εγγραφής
Κύριος συγγραφέας: Ρωμανός, Κωνσταντίνος Π., 1947-
Άλλοι συγγραφείς: Αναγνώστου, Λευτέρης (Μεταφραστής)
Μορφή: Βιβλίο
Γλώσσα:Greek
German
Δημοσίευση: Αθήνα : Τυπωθήτω, 2001.
Σειρά:Παραφερνάλια ; 1
Θέματα:
Ετικέτες: Προσθήκη ετικέτας
Δεν υπάρχουν, Καταχωρήστε ετικέτα πρώτοι!

MARC

LEADER 00000cam a2200000 i 4500
001 1/105021
008 090513s2001 gr | ||| |||| ||gre||
020 |a 9608041937 
035 |l 10104654 
040 |a GR-MyUA  |b gre  |e AACR2 
041 1 |a gre  |h ger 
082 0 |a 128.4  |2 (22) 
100 1 |a Ρωμανός, Κωνσταντίνος Π.,   |d 1947- 
245 1 0 |a Οικείωσις :   |b η ιδέα ενός αισθητικού ανθρωπισμού με αφετηρία τη φιλοσοφία της ζωής του Ανρί Μπερξόν /   |c Κωνσταντίνος Π. Ρωμανός ; μετάφραση Λευτέρης Αναγνώστου.  
260 |a Αθήνα :   |b Τυπωθήτω,   |c 2001.  
300 |a 439 σ. ;   |c 24 εκ.  
490 1 |a (Παραφερνάλια   |v ; 1)  
500 |a Τίτλος πρωτοτύπου: Heimkehr.  
504 |a Βιβλιογραφία: σ. 431-439.  
600 1 0 |a Bergson, Henri,   |d 1859-1941. 
650 0 0 |a Philosophical anthropology. 
650 0 0 |a Act (Philosophy) 
700 1 |a Αναγνώστου, Λευτέρης,  |e trl 
830 0 |a Παραφερνάλια ;  |v  1 
852 |a INST  |b RHODES  |e 20090513  |h 128.4 ΡΩΜ  |p 005400032214  |q 005400032214  |t BK  |y 0 
852 |a INST  |b RHODES  |c EUDOXUS  |e 20131217  |h 128.4 ΡΩΜ  |p 005400035943  |q 005400035943  |t EDX  |y 0 
901 |a BIBL4-2009-2 
901 |a BIBL4-2013-3 
909 |a Ρ  |b 157239 
909 |a Ρ  |b 182451 
920 |a ΕΥΔΟΞΟΣ  |b ΕΠΙΣΤΡΟΦΗ  |y Ρόδος  |z 2013-12 
970 |a ΚΟΖΑ  |b ΜΑΡΙΑ  |z 2009/05/13